VETERINÁRSKA TERAPIA XVI. STOROČIA VO SVETLE KNIHY DE SECRETIS

Bibliographic Details
Main Author: Fried, Karol, 1922-1998 (Author)
Format: Article
Language:Slovak

MARC

LEADER 00000nab a2200000 a 4500
001 vtls010707415
003 SK-MaSNL
005 20260304191647.0
008 250709s1954 xo |||||||||||||||||slo|
035 |a (urnnbn)urn:nbn:sk:snk:ar-a04280 
035 |a (uuid)f10edc11-4afe-4354-a406-cb04c6cd04d9 
035 |a urn:nbn:sk:snk-ab3bi7 
040 |a SNKBUCL  |b slo  |c SNKBUCL  |e AACR2 
041 0 |a slo 
044 |a xo  |c SK 
100 1 |a Fried, Karol,  |d 1922-1998  |4 aut  |9 38892 
245 1 0 |a VETERINÁRSKA TERAPIA XVI. STOROČIA VO SVETLE KNIHY DE SECRETIS  |c Karol Fried 
773 0 |t Veterinársky časopis  |g Roč. 3, č. 1 (1954), s. 55-68 
850 |a Slovenská národná knižnica 
852 |a Slovenská národná knižnica 
954 |a odborná, vedecká literatúra pôvodná (slovenská)  |2 lita 
958 |a article1 
958 |a OND 
958 |a EUIPO 
999 |c 3055713  |d 3057643